Affective disorders : (Record no. 1809)

MARC details
000 -LEADER
fixed length control field 02127cam a2200469 i 4500
001 - CONTROL NUMBER
control field data
005 - DATE AND TIME OF LATEST TRANSACTION
control field 20260322212119.0
008 - FIXED-LENGTH DATA ELEMENTS--GENERAL INFORMATION
fixed length control field data
035 ## - SYSTEM CONTROL NUMBER
System control number 21321359
010 ## - LIBRARY OF CONGRESS CONTROL NUMBER
LC control number 2019457652
015 ## - NATIONAL BIBLIOGRAPHY NUMBER
National bibliography number GBB9E3169
Source bnb
016 7# - NATIONAL BIBLIOGRAPHIC AGENCY CONTROL NUMBER
Record control number 019512556
Source Uk
020 ## - INTERNATIONAL STANDARD BOOK NUMBER
International Standard Book Number 9781786941701
Qualifying information (cased)
020 ## - INTERNATIONAL STANDARD BOOK NUMBER
International Standard Book Number 1786941708
Qualifying information (cased)
020 ## - INTERNATIONAL STANDARD BOOK NUMBER
Canceled/invalid ISBN 9781786949639
Qualifying information (electronic book)
020 ## - INTERNATIONAL STANDARD BOOK NUMBER
Canceled/invalid ISBN 1786949636
Qualifying information (electronic book)
035 ## - SYSTEM CONTROL NUMBER
System control number (OCoLC)1055463069
040 ## - CATALOGING SOURCE
Original cataloging agency YDX
Language of cataloging eng
Transcribing agency YDX
Description conventions rda
Modifying agency DLC
-- OCLCQ
-- UKMGB
-- OCLCO
-- OCLCF
-- YDXIT
-- OCLCQ
-- YDX
-- DLC
042 ## - AUTHENTICATION CODE
Authentication code lccopycat
050 00 - LIBRARY OF CONGRESS CALL NUMBER
Classification number PN56.E6
Item number S38 2019
100 1# - MAIN ENTRY--PERSONAL NAME
Personal name Scott, Bede,
Dates associated with a name 1971-
Relator term author.
245 10 - TITLE STATEMENT
Title Affective disorders :
Remainder of title emotion in colonial and postcolonial literature /
Statement of responsibility, etc. Bede Scott.
264 #1 - PRODUCTION, PUBLICATION, DISTRIBUTION, MANUFACTURE, AND COPYRIGHT NOTICE
Place of production, publication, distribution, manufacture Liverpool :
Name of producer, publisher, distributor, manufacturer Liverpool University Press,
Date of production, publication, distribution, manufacture, or copyright notice 2019.
300 ## - PHYSICAL DESCRIPTION
Extent ix, 190 pages :
Other physical details maps ;
Dimensions 24 cm.
336 ## - CONTENT TYPE
Content type term text
Content type code txt
Source rdacontent
337 ## - MEDIA TYPE
Media type term unmediated
Media type code n
Source rdamedia
338 ## - CARRIER TYPE
Carrier type term volume
Carrier type code nc
Source rdacarrier
490 1# - SERIES STATEMENT
Series statement Postcolonialism across the disciplines ;
Volume/sequential designation 21
504 ## - BIBLIOGRAPHY, ETC. NOTE
Bibliography, etc. note Includes bibliographical references and index.
505 0# - FORMATTED CONTENTS NOTE
Formatted contents note Anger : Naguib Mahfouz's Midaq Alley -- Reticence : Vikram Seth's A suitable boy -- Jealousy : Joaquim Maria Machado de Assis' Dom Casmurro -- Boredom : Upamanyu Chatterjee's English, August: an Indian story -- Fear : Michael Ondaatje's Anil's ghost -- Stuplimity : Vikram Chandra's Sacred games.
650 #0 - SUBJECT ADDED ENTRY--TOPICAL TERM
Topical term or geographic name entry element Emotions in literature.
650 #0 - SUBJECT ADDED ENTRY--TOPICAL TERM
Topical term or geographic name entry element Affect (Psychology) in literature.
650 #0 - SUBJECT ADDED ENTRY--TOPICAL TERM
Topical term or geographic name entry element Imperialism in literature.
650 #0 - SUBJECT ADDED ENTRY--TOPICAL TERM
Topical term or geographic name entry element Postcolonialism in literature.
650 #7 - SUBJECT ADDED ENTRY--TOPICAL TERM
Topical term or geographic name entry element Emotions in literature.
Source of heading or term fast
Authority record control number or standard number (OCoLC)fst00908874
650 #7 - SUBJECT ADDED ENTRY--TOPICAL TERM
Topical term or geographic name entry element Imperialism in literature.
Source of heading or term fast
Authority record control number or standard number (OCoLC)fst00968142
650 #7 - SUBJECT ADDED ENTRY--TOPICAL TERM
Topical term or geographic name entry element Postcolonialism in literature.
Source of heading or term fast
Authority record control number or standard number (OCoLC)fst01073035
830 #0 - SERIES ADDED ENTRY--UNIFORM TITLE
Uniform title Postcolonialism across the disciplines ;
Volume/sequential designation 21.
906 ## - LOCAL DATA ELEMENT F, LDF (RLIN)
a 7
b cbc
c copycat
d 2
e ncip
f 20
g y-gencatlg
925 0# -
-- acquire
-- 1 shelf copy
-- policy default
Holdings
Withdrawn status Lost status Damaged status Not for loan Home library Current library Shelving location Date acquired Total checkouts Full call number Barcode Date last seen Price effective from Koha item type
        Franklin Franklin General stacks 22/03/2026   PN56.E6 LOC-FRL-00045 22/03/2026 22/03/2026 Books